| 000 | 01641nam a2200265 a 4500 | ||
|---|---|---|---|
| 001 | 77644 | ||
| 003 | BD-RjUL | ||
| 005 | 20211209083015.0 | ||
| 008 | 201217s2002 bg ||||| m||| 00| 0 ben d | ||
| 035 | _a(BD-RjUL)77870 | ||
| 040 |
_aBD-RjUL _bben/eng _cBD-RjUL _dBD-RjUL |
||
| 041 | _aben | ||
| 082 |
_a954.9204 _bSHB 2002 _223 |
||
| 100 |
_aশাহজাহান, মো. _9242622 |
||
| 245 | 1 | 0 |
_aবাংলাদেশের স্বাধিকার থেকে স্বাধীনতা (১৯৬৬-১৯৭১) : _bএকটি ঐতিহাসিক বিশ্লেষণ / _cমো. শাহজাহান ; _6তত্ত্বাবধায়ক : এম. আবুল কাশেম, আতফুল হাই শিবলী |
| 260 |
_aরাজশাহী : _bইতিহাস বিভাগ, রাজশাহী বিশ্ববিদ্যালয় , _c২০০২ |
||
| 300 |
_avii, ৫২৬ পাতা ; _c২৯ সেমি. |
||
| 502 | _aথিসিস (পিএইচ. ডি.) -- ইতিহাস বিভাগ, রাজশাহী বিশ্ববিদ্যালয়, ২০০২ | ||
| 504 | _aগ্রন্থপঞ্জি: পাতা [৪৯৭]-৫২৬ | ||
| 651 |
_aবাংলাদেশ _xইতিহাস _y১৯৬৬-১৯৭১ _9242684 |
||
| 651 |
_aBangladesh _xHistory _y1966-1971 _9242685 |
||
| 700 |
_aকাশেম, এম. আবুল, তত্ত্বাবধায়ক _9242626 |
||
| 700 |
_aশিবলী , আতফুল হাই, যুগ্ম তত্ত্বাবধায়ক _9242686 |
||
| 942 |
_2ddc _cTHE |
||
| 999 |
_c77644 _d77644 |
||